Loading...
Rerieving th beauty of BLACKNESS
| Main Author: | |
|---|---|
| Format: | Printed Book |
| Language: | English |
| Published: |
Trivandrum
Ravan
2011
|
| LEADER | 00486nam a22001457a 4500 | ||
|---|---|---|---|
| 008 | 140705b xxu||||| |||| 00| 0 eng d | ||
| 020 | |a 9788192277202 | ||
| 082 | |a 305.4071 CHA/R | ||
| 100 | |a Chandramohanan S R | ||
| 245 | |a Rerieving th beauty of BLACKNESS | ||
| 260 | |a Trivandrum |b Ravan |c 2011 | ||
| 300 | |a 98p | ||
| 942 | |c BK | ||
| 999 | |c 259124 |d 259124 | ||
| 952 | |0 0 |1 0 |4 0 |6 305_407100000000000_CHA_R |7 0 |9 288521 |a RUS |b RUS |c ST1 |d 2014-07-05 |i 8241 |l 0 |o 305.4071 CHA/R |p RUS8241 |r 2014-07-05 |w 2014-07-05 |y BK | ||